000 01572nam a2200277 4500
999 _c84577
_d321854
003 OSt
005 20221107091847.0
008 221107s2019 su ||||f |||| 00| 0 ara d
020 _a9786030306503
040 _aMa-Un
_cMa-Un
082 0 4 _221
_a953.1
_bأ إ ح
100 1 _aالأقصم، إبراهيم بن يوسف
_9111077
245 1 2 _aالحياة المكية والمدنية في عيون المصادر والمراجع والدراسات الحديثة :
_bقراءة موجزة في الجوانب التالية : الدينية، والسياسية، والاجتماعية، والتعليمية، والاقتصادية /
_cإعداد إبراهيم بن يوسف الأقصم.
250 _aط. 1.
260 _aجدة، السعودية :
_bإبراهيم بن يوسف الأقصم،
_c2019
_m[1440]
300 _a133 ص. ؛
_c24 سم.
504 _aيشتمل على قائمة ببليوجرافية.
650 7 _aالتعليم
_vمصادر
_zمكة المكرمة
_9111078
650 7 _aالتعليم
_vمصادر
_zالمدينة المنورة
_9111079
651 7 _aمكة المكرمة
_xأحوال اقتصادية
_vمصادر
_9111080
651 7 _aمكة المكرمة
_xحياة وعادات دينية
_vمصادر
_9111081
651 7 _aمكة المكرمة
_xسياسة وحكومة
_vمصادر
_9111082
651 7 _aالمدينة المنورة
_xحياة وعادات دينية
_vمصادر
_9111083
651 7 _aالمدينة المنورة
_xسياسة وحكومة
_vمصادر
_9111084
942 _2ddc
_cBOOK